Educational problems of scheduled castes and tribes in Tamil Nadu, 1973 (Record no. 13308)

MARC details
000 -LEADER
fixed length control field 00348nam a2200121Ia 4500
082 ## - DEWEY DECIMAL CLASSIFICATION NUMBER
Classification number RE.0008
100 ## - MAIN ENTRY--AUTHOR NAME
Personal name Madras Institute of Developmen
245 #0 - TITLE STATEMENT
Title Educational problems of scheduled castes and tribes in Tamil Nadu, 1973
260 ## - PUBLICATION, DISTRIBUTION, ETC. (IMPRINT)
Year of publication 1974
300 ## - PHYSICAL DESCRIPTION
Number of Pages 2V. 130+appen, 128+appen
942 ## - ADDED ENTRY ELEMENTS (KOHA)
Koha item type Books
Holdings
Withdrawn status Lost status Damaged status Not for loan Home library Current library Date acquired Full call number Accession Number Price effective from Koha item type
        NASSDOC Library NASSDOC Library 08/10/2004 RE.0008 6849 18/04/2019 Books
        NASSDOC Library NASSDOC Library 08/10/2004 RE.0008 6851 18/04/2019 Books